000 00970nam a2200229Ia 4500
001 14947
005 20260407111010.0
008 260306t2009||||xx |||||||||||||| ||spa||
041 _aESP
082 _a519.5
_bS75 2009
100 _aSpiegel, Murray R.
_eAUT
245 0 _aEstadística
260 _c2009
300 _axxi, 577 páginas :
_c27 cm.
650 _aGEN
654 _aCII
856 _uhttps://itmsp.museknowledge.com/UCSP?url=https://www.ebooks7-24.com:443/?il=10328&pg=1
_zVersión digital (2020)
856 _uhttps://0u213vgiq-y-https-ebooks7--24-com.itmsp.museknowledge.com/biblioteca.aspx
_zVéase además: Base de datos Ebook7-24
856 _uhttps://0u20fvgiw-y-https-research-ebsco-com.itmsp.museknowledge.com/c/qxo6us/search
_zVéase además: Base de datos EBSCOhost
856 _uhttps://0u21dvgj3-y-https-ebooks-editorialmacro-com.itmsp.museknowledge.com/library
_zVéase además: Base de datos Macro Digital
942 _cLIB
_dJUS
_fJUS
_2ddc
999 _c14947
_d14947